000 00703nam a2200253Ia 4500
003 OSt
005 20220918163521.0
006 a|||||r|||| 00| 0
007 ta
008 220917b |||||||| |||| 00| 0 eng d
020 _a0066211344 (pbk)
024 _a198,583
037 _cTextual
040 _aARTS
_cARTS
_beng
041 _2eng
_aeng
082 _aO41,3N40,GM, 111P0
100 _aXingjian Gao Tr.
_913498
245 0 _aSoul mountain
260 _aNew York
_bPerennial USA
_c2000
300 _axi, 510 p.
_ccm.
650 _aENGLISH LITERATURE; CHINESE LITERATURE
_913499
942 _hO41,3N40,GM, 111P0
_cTEXL
_2CC
999 _c119899
_d119899